Oceanian Geography By Letter J - Picture Quiz - Statistics

General Stats
  • This quiz has been taken 117 times
  • The average score is 2 of 9
Answer Stats
Picture Hint Answer % Correct
{Jellyfish} Lake
69%
{Jervis} Bay Territory
43%
{Jumping} Spider
24%
{Jenolan} Caves
15%
(province) Jiwaka
9%
{Joseph} {Bonaparte} Gulf
8%
{Jacquemart} Island
5%
{Jagungal} Wilderness Area
5%
{Jarrakan} Languages
5%
No matching quizzes found
Score Distribution
Percent of People with Each Score
Percentile by Number Answered
Your Score History
You have not taken this quiz